| 000 | 00556nam a2200181 i 4500 | ||
|---|---|---|---|
| 001 | 84303 | ||
| 003 | ES-MaACL | ||
| 005 | 20250926063050.0 | ||
| 007 | t| | ||
| 008 | 041122s1909 xxk ||||1| eng d | ||
| 100 | 1 |
_aJames, William, _d1842-1910 _965978 |
|
| 245 | 1 | 2 |
_aA pluralistic universe / _cby William James. |
| 260 |
_aLondon : _bLongmans, Green and Co, _c1909 ( _eCambridge : _fUniversity Press) |
||
| 300 |
_aV, 404 p. ; _c22 cm. |
||
| 650 | 7 |
_aFilosofĂa moderna _2embne _9144498 |
|
| 852 |
_aES-MaACL _jG-11719 |
||
| 999 |
_c84303 _d84303 |
||